Secretaries, management and organizations

Bibliographic Details
Main Author: Vinnicombe, Susan
Format: Book
Published: Bedford square,London : Heinemann Educational Books , 1980
Subjects:

MARC

LEADER 00000cam a2200000 7i4500
001 0000000102
005 20021218.0
020 |a 0435828967 
040 |a INS 
090 0 0 |a HF5547.5.   |b V56 1980 
100 1 |a Vinnicombe, Susan 
245 1 0 |a Secretaries, management and organizations   |c Susan Vinnicombe 
260 |a Bedford square,London :   |b Heinemann Educational Books ,   |c 1980 
300 |a vi, 122p. :   |b ill ;   |c 21 cm. 
500 |a Includes index 
650 0 0 |a Organization 
650 0 0 |a Secretaries 
999 |a 0000000213   |b BOOK   |c Open Shelf   |e Default branch